[Event "FICGS rapid A 000231 email"]
[Site "FICGS email"]
[Date "2019.01.30"]
[Round "1"]
[White "Ziegler, Pio"]
[Black "Sternik, Ryszard"]
[Result "1-0"]
[WhiteElo "2114"]
[BlackElo "2092"]
[PlyCount "103"]
[EventDate "2019.??.??"]
[EventType "tourn (rapid)"]
[EventRounds "6"]
[SourceTitle "Corr 2022"]
[Source "ChessBase"]
[SourceDate "2021.10.24"]
[SourceVersion "1"]
[SourceVersionDate "2021.10.24"]
[SourceQuality "1"]

1. e4 c5 2. Nf3 d6 3. d4 cxd4 4. Nxd4 Nf6 5. Nc3 a6 6. Be3 e5 7. Nb3 Be6 8. f3 Be7 9. Qd2 0-0 10. 0-0-0 Nbd7 11. g4 b5 12. g5 b4 13. gxf6 bxc3 14. Qxc3 Nxf6 15. Na5 Qd7 16. Nc6 Rfc8 17. Nxe7+ Qxe7 18. Qa5 Rab8 19. Rg1 Rc6 20. b3 Nh5 21. Rg2 Bh3 22. Rgd2 Bxf1 23. Rxf1 Rb5 24. Qa3 Nf6 25. c4 Ne8 26. Kb2 Rb8 27. Ka1 Rbc8 28. Qb4 Qd8 29. Qc3 Qh4 30. Rg2 Qh3 31. Rff2 Nf6 32. Rg1 g6 33. Rd1 Qe6 34. Qe1 Ra8 35. Rd3 Ne8 36. Qd1 Rb8 37. Bc1 Qe7 38. Rfd2 Rbb6 39. a4 Rb8 40. Ba3 Kg7 41. f4 Qh4 42. Qf1 Kg8 43. Rf2 Qe7 44. f5 Rcb6 45. Rff3 R6b7 46. Qh3 Rd8 47. Bc1 Rdb8 48. Ka2 Qf8 49. Rg3 Nf6 50. Qh4 Ne8 51. f6 h5 52. Rdf3 1-0